000 00248nam a2200085Ia 4500
245 0 _aMan on the moon : (a day in the life of Bob)
100 _a Bartram, Simon Surrey, 2004
_9103219
942 _cBK
008 210818s9999 xx 000 0 und d
999 _c453664
_d453663